Statistics for Jeopardy #8155

Click here to take the quiz!

General Stats

  • This quiz has been taken 79 times
  • The average score is 25 of 61

Answer Stats

CategoryCashClueAnswer% Correct
SONGS FOR EVERY MEMBER OF THE FAMILY$600Elmo & Patsy: "___ Got Run Over By A Reindeer"Grandma
94%
CARS$200Chrysler, General Motors & this are the "Big 3" automakersFord
90%
SONGS FOR EVERY MEMBER OF THE FAMILY$400Kansas: "Carry On Wayward ___"Son
82%
SONGS FOR EVERY MEMBER OF THE FAMILY$200George Michael: "___ Figure"Father
80%
EGYPTIAN MYTHOLOGY$1600The Egyptian sun god known as Khepri at dawn & Atum in the evening was known by this 2-letter name at middayRa
78%
WOMEN'S MEMOIRS$200"Fight Like a Girl" & "Unbecoming" recount women's experiences in this "most masculine" branch of the U.S. militaryMarines
69%
BEYOND MEAT$1000This dark pigment determines skin & hair colormelanin
69%
O CANADA PROVINCE$400The 5,420-foot Mont D'Iberville is this province's highest pointQuebec
69%
CARS$800Headquartered in Munich, it built aircraft engines before transitioning to motorcycles & carsBMW
67%
WHERE'S THE BEEF?$400Clara Peller famously asked, "Where's the beef?" in TV ads for this "old fashioned hamburgers" chainWendy\'s
67%
EGYPTIAN MYTHOLOGY$400Bastet was a goddess in the form of one of these still-common domestic petsa cat
65%
SLANG TERMS$1200To garner extremely high marks in a school examination is more slangily to do this 3-letter word to "that test"ace
63%
AWARDS & HONORS$400Instituted in 1782, it was the first U.S. military decorationthe Purple Heart
61%
WOMEN'S MEMOIRS$400"My Life in France" is the story of how this chef found her true callingJulia Child
59%
O CANADA PROVINCE$600This province includes the Haida Gwaii island group, 60 miles off the mainlandBritish Columbia
57%
O CANADA PROVINCE$800The Winnipeg metro area is home to more than 50% of the population of this provinceManitoba
57%
O CANADA PROVINCE$200Some familiar names in this eastern province--Annapolis, Sydney, Liverpool--but New Glasgow might help you the mostNova Scotia
57%
CARS$400With a Latin name meaning "I roll", this Swedish automaker began rolling out its cars in 1927Volvo
57%
BEYOND MEAT$400Like Hessians in the American Revolutionary War, it's a professional soldier hired to serve in a foreign armya mercenary
55%
CIVIL RIGHTS & WRONGS$1200In 1828 actor Thomas Rice began playing a blackface character named this, a term later used to describe racist lawsJim Crow
55%
CARS$1000A charging bull graces the hood of the Aventador, a model of this Italian sports carLamborghini
55%
SLANG TERMS$400To "make out like" this, meaning to do well, may refer not to a robber but to slang for a slot machinea bandit
53%
EGYPTIAN MYTHOLOGY$1200Seen on amulets, this beetle was a sacred symbol of revivala scarab
53%
AWARDS & HONORS$800After World Champion, the highest title in chess is International this; today there are more than 1,600 of thema Grandmaster
51%
EGYPTIAN MYTHOLOGY$800Sometimes depicted as a human head on a bird, the ba was this eternal part of a humana soul
47%
WHERE'S THE BEEF?$1000Though best known, Kobe is just one variety of this expensive beef whose name translates to "Japanese cow"Wagyu
47%
FRED(E)RIC(K)S OF HOLLYWOOD$400Born Frederick Austerlitz, this actor was free to create his own dances on filmFred Astaire
45%
SLANG TERMS$800Alliteration abounds in this 3-word phrase, a very uncomplicated game where you ring someone's doorbell & run awayding dong ditch
43%
SLANG TERMS$2000This numerical term for the first person to catch a certain disease now can mean the first person affected by somethingpatient zero
43%
CARS$600This maker of the Impreza says that 97% of its vehicles sold in the last 10 years are still on the road todaySubaru
43%
BEYOND MEAT$600When an egg became the most popular post on Instagram, it became popular as one of these. Perhaps you missed this onea meme
39%
MUSIC HALLS$1600The Palau de la Musica Catalana is an ornate treasure in this cityBarcelona
39%
O CANADA PROVINCE$1000This one of Canada's maritime provinces is highlighted hereNew Brunswick
39%
AWARDS & HONORS$1200The 2019 Westminster Kennel Club Dog Show gave this distinction to a fox terrier, with a Havanese taking the reserve titleBest in Show
35%
SONGS FOR EVERY MEMBER OF THE FAMILY$1000Pearl Jam, 1993: "___""Daughter""
35%
SONGS FOR EVERY MEMBER OF THE FAMILY$800D.J. Jazzy Jeff & the Fresh Prince: "___ Just Don't Understand"Parents
33%
WHERE'S THE BEEF?$200On a menu "beef" or "steak" this means it comes only one way--raw!tartare
33%
MUSIC HALLS$400Ryman Auditorium, this city's country music hall, is more than a century older than Schermerhorn, its classical hallNashville
29%
CIVIL RIGHTS & WRONGS$2000This discriminatory practice comes from the colorful borders on maps around areas where minorities found it hard to get loans or creditredlining
29%
CIVIL RIGHTS & WRONGS$1600Civil rights activism often includes VRDs, these "Drives" to help people participate in our democracyvoter registration
29%
BEYOND MEAT$800Another name for a bullhornmegaphone
27%
EGYPTIAN MYTHOLOGY$2000With his distinctive head, he was the god of embalmingAnubis
25%
WOMEN'S MEMOIRS$800Award-winning screenwriter Diablo Cody's record of her time as one of these performers is titled "Candy Girl"a stripper
25%
AWARDS & HONORS$1600A silver lantern is given by the JFK Library with "The Profile in" this award to recipients who exemplify the spirit of JFK's bookCourage
25%
SLANG TERMS$1600Like the feedback type, in a "compulsion" this, you endlessly cycle through checking your social media appsa loop
24%
FRED(E)RIC(K)S OF HOLLYWOOD$800This former child actor is now a busy TV director & even directed brother Ben in "Boy Meets World"Fred Savage
24%
QUOTES ABOUT 19th CENTURY AUTHORSN/AThis author "showed that abysses may exist inside a governess", a heroine who was a "commonplace spinster"Charlotte Brontë
22%
WHERE'S THE BEEF?$600Mmm! Here's this Southern favorite with a different type of meat in its namechicken-fried steak
22%
BEYOND MEAT$200Stick your nose into other people's businessmeddle
22%
MUSIC HALLS$800This New York City venue a shimmering gold stage curtain that is said to be the largest in the worldRadio City Music Hall
20%
WOMEN'S MEMOIRS$600"I Feel Bad About My Neck", about the travails of aging, is by this late, great writer & director of "You've Got Mail"Nora Ephron
16%
AWARDS & HONORS$2000Damien Hirst & director Steve McQueen have won the British visual arts prize named for this 19th century British painterJ.M.W. Turner
14%
MUSIC HALLS$1200One of America's oldest opera houses, the Academy of Music in Philadelphia was modeled on this Milan venueLa Scala
14%
CIVIL RIGHTS & WRONGS$400In 1958 African-American activist Clennon King was sent to an asylum for trying to register at this state U. in OxfordUniversity of Mississippi
14%
FRED(E)RIC(K)S OF HOLLYWOOD$2000This actor who played a killer in "Double Indemnity" was a sweet dad to "My Three Sons" on TVFred MacMurray
12%
FRED(E)RIC(K)S OF HOLLYWOOD$1200With the help of makeup artist Wally Westmore, Fredric March won an Oscar in this dual role from a literary classicDr. Jekyll & Mr. Hyde
10%
CIVIL RIGHTS & WRONGS$800The Congress of Racial Equality planned these 1961 trips to enforce desegregation of interstate transportationFreedom Rides
10%
FRED(E)RIC(K)S OF HOLLYWOOD$1600This funnyman improvised his way to greatness in films like "Waiting for Guffman" and "A Mighty Wind"Fred Willard
4%
WOMEN'S MEMOIRS$1000This advisor to Barack Obama wrote "Finding My Voice: My Journey to the West Wing and the Path Forward"Valerie Jarrett
4%
WHERE'S THE BEEF?$800The name of this French boeuf dish, beef braised in red wine, means it's prepared in the style of Burgundybourguignon
2%
MUSIC HALLS$2000A Miami concert hall is home to this symphony co-founded by Michael Tilson Thomas; its name sounds like a Dvorak piece about Americathe New World Symphony Orchestra
0%

Score Distribution

Percentile by Number Answered

Percent of People with Each Score

Your Score History

You have not taken this quiz